[Event "Jesenik op-A"]
[Site "Jesenik"]
[Date "2023.08.20"]
[Round "2"]
[White "Kolar, Jan1111"]
[Black "Reichel, Lukasz"]
[Result "0-1"]
[WhiteElo "2083"]
[BlackElo "1914"]
[PlyCount "52"]
[EventDate "2023.08.19"]
[EventType "swiss"]
[EventRounds "9"]
[EventCountry "CZE"]
[SourceTitle "EXT 2024"]
[Source "ChessBase"]
[SourceDate "2023.10.10"]
[SourceVersion "1"]
[SourceVersionDate "2023.10.10"]
[SourceQuality "1"]

1. e4 c5 2. Nf3 d6 3. d4 cxd4 4. Nxd4 Nf6 5. Nc3 a6 6. Bg5 e6 7. f4 Be7 8. Qf3 Qc7 9. 0-0-0 Nbd7 10. g4 h6 11. Bxf6 Bxf6 12. Kb1 Qb6 13. Nb3 Nc5 14. Nxc5 Qxc5 15. e5 dxe5 16. Ne4 Qc6 17. Bg2 0-0 18. g5 hxg5 19. fxg5 Be7 20. Qh5 Qc7 21. Nf6+ gxf6 22. gxf6 Bxf6 23. Be4 Rd8 24. Rxd8+ Qxd8 25. Qh6 Bg7 26. Rg1 Qd1+ 0-1

[Event "Wroclaw Anderssen Memorial op-A"]
[Site "Wroclaw"]
[Date "2023.08.13"]
[Round "9"]
[White "Reichel, Lukasz"]
[Black "Deutschmann, Matthias"]
[Result "1/2-1/2"]
[WhiteElo "1914"]
[BlackElo "2134"]
[PlyCount "59"]
[EventDate "2023.08.06"]
[EventType "swiss"]
[EventRounds "9"]
[EventCountry "POL"]
[SourceTitle "CBM 215 Extra"]
[Source "ChessBase"]
[SourceDate "2023.09.30"]
[SourceVersion "1"]
[SourceVersionDate "2023.09.30"]
[SourceQuality "1"]

1. e4 c5 2. Nf3 Nc6 3. d4 cxd4 4. Nxd4 Nf6 5. Nc3 e6 6. Ndb5 Bc5 7. Bf4 0-0 8. Bc7 Qe7 9. Bd6 Bxd6 10. Nxd6 Ne8 11. Nxe8 Rxe8 12. f4 d5 13. a3 dxe4 14. Nxe4 e5 15. f5 Qh4+ 16. Ng3 Bxf5 17. c3 Rad8 18. Qf3 Bg4 19. Qf2 Qh6 20. Bc4 Be6 21. Bxe6 Qxe6 22. 0-0 a6 23. Ne4 f6 24. Nc5 Qe7 25. Rad1 Nb8 26. b4 b6 27. Na4 Qc7 28. Nc5 b5 29. Na4 Nd7 30. Rd2 1/2-1/2

[Event "POL-ch sf"]
[Site "Karpacz"]
[Date "2022.12.03"]
[Round "1"]
[White "Reichel, Lukasz"]
[Black "Czernek, Tymon"]
[Result "0-1"]
[WhiteElo "1892"]
[BlackElo "2302"]
[PlyCount "71"]
[EventDate "2022.12.03"]
[EventType "swiss"]
[EventRounds "9"]
[EventCountry "POL"]
[SourceTitle "CBM 211 Extra"]
[Source "ChessBase"]
[SourceDate "2023.01.31"]
[SourceVersion "1"]
[SourceVersionDate "2023.01.31"]
[SourceQuality "1"]

1. e4 c5 2. Nf3 d6 3. d4 cxd4 4. Nxd4 Nf6 5. Nc3 a6 6. f3 e5 7. Nb3 Be6 8. Be3 h5 9. Qd2 Nbd7 10. 0-0-0 Qc7 11. Kb1 Be7 12. Be2 Rc8 13. h3 h4 14. f4 b5 15. Rhe1 Qb7 16. Na5 Qc7 17. Nd5 Bxd5 18. exd5 Nxd5 19. Qxd5 Qxa5 20. Bg4 Qc7 21. Bxd7+ Kxd7 22. fxe5 Qxc2+ 23. Ka1 Qc4 24. exd6 Qxd5 25. Rxd5 Bf6 26. Bg5 Rh5 27. Re7+ Bxe7 28. dxe7+ Ke6 29. Rd8 Rh8 30. Kb1 f6 31. Rxc8 Rxc8 32. Bxh4 Kxe7 33. Bf2 Ke6 34. Be3 Kd5 35. Bf4 g5 36. a3 0-1

[Event "POL-chT 2nd League"]
[Site "Jastrzebia Gora"]
[Date "2022.09.05"]
[Round "3.118"]
[White "Wozniak, Grzegorz1111"]
[Black "Reichel, Lukasz"]
[Result "0-1"]
[WhiteElo "1579"]
[BlackElo "1887"]
[PlyCount "72"]
[EventDate "2022.09.03"]
[EventType "team-swiss"]
[EventRounds "9"]
[EventCountry "POL"]
[SourceTitle "CBM 210 Extra"]
[Source "ChessBase"]
[SourceDate "2022.11.30"]
[SourceVersion "1"]
[SourceVersionDate "2022.11.30"]
[SourceQuality "1"]
[WhiteTeam "Rzeszow RzKSz"]
[BlackTeam "Zarow Goniec"]
[WhiteTeamCountry "POL"]
[BlackTeamCountry "POL"]

1. d4 c5 2. e3 cxd4 3. exd4 d5 4. Nf3 Nc6 5. c3 Nf6 6. Bd3 Bg4 7. 0-0 Qc7 8. Nbd2 e6 9. Re1 Bd6 10. Nf1 0-0 11. Bg5 Nd7 12. Bh4 g6 13. Bg3 Rab8 14. h3 Bxf3 15. Qxf3 b5 16. a3 a5 17. Rec1 Rfc8 18. Qe3 Kg7 19. Bxd6 Qxd6 20. Nd2 e5 21. dxe5 Ndxe5 22. b4 axb4 23. cxb4 Nc4 24. Bxc4 bxc4 25. Qc3+ Qe5 26. f4 Qxc3 27. Rxc3 Nd4 28. Kf1 Kf6 29. g4 h5 30. Kf2 hxg4 31. hxg4 Rh8 32. Ne4+ dxe4 33. Rxc4 Rh2+ 34. Kg3 Rd2 35. g5+ Kg7 36. Re1 Nf5+ 0-1

[Event "POL-chT 2nd League"]
[Site "Jastrzebia Gora"]
[Date "2022.09.03"]
[Round "1.11"]
[White "Mazurkiewicz, Michal"]
[Black "Reichel, Lukasz"]
[Result "1-0"]
[WhiteElo "2159"]
[BlackElo "1887"]
[PlyCount "67"]
[EventDate "2022.09.03"]
[EventType "team-swiss"]
[EventRounds "9"]
[EventCountry "POL"]
[SourceTitle "CBM 210 Extra"]
[Source "ChessBase"]
[SourceDate "2022.11.30"]
[SourceVersion "1"]
[SourceVersionDate "2022.11.30"]
[SourceQuality "1"]
[WhiteTeam "Wroclaw Kopernik"]
[BlackTeam "Zarow Goniec"]
[WhiteTeamCountry "POL"]
[BlackTeamCountry "POL"]

1. e4 c5 2. Nf3 d6 3. g3 Nc6 4. Bg2 g6 5. 0-0 Bg7 6. d3 e5 7. Nc3 Nge7 8. Nd2 0-0 9. Nc4 Be6 10. Nd5 Qd7 11. a4 Rae8 12. c3 Kh8 13. a5 f5 14. Qa4 Qd8 15. a6 b6 16. Bg5 Bxd5 17. exd5 Nb8 18. f4 h6 19. Bh4 exf4 20. gxf4 Bf6 21. Bxf6+ Rxf6 22. Nxb6 Nxa6 23. Nd7 Rf7 24. d4 Nc7 25. dxc5 dxc5 26. d6 Ned5 27. dxc7 Qxd7 28. Bxd5 Qxa4 29. Rxa4 Rxc7 30. Ra6 Kg7 31. Rfa1 Ree7 32. Kf2 g5 33. c4 gxf4 34. Rg1+ 1-0

[Event "Krakow KKSz-ch"]
[Site "Krakow"]
[Date "2008.08.15"]
[Round "2.1"]
[White "Mikrut, Dariusz"]
[Black "Reichel, Lukasz"]
[Result "1-0"]
[WhiteElo "2397"]
[BlackElo "1858"]
[PlyCount "83"]
[EventDate "2008.08.14"]
[EventType "swiss"]
[EventRounds "9"]
[EventCountry "POL"]
[SourceTitle "EXT 2023"]
[Source "ChessBase"]
[SourceDate "2022.10.05"]
[SourceVersion "1"]
[SourceVersionDate "2022.10.05"]
[SourceQuality "1"]

1. e4 c5 2. Nf3 d6 3. d4 cxd4 4. Nxd4 Nf6 5. Nc3 a6 6. Be2 e5 7. Nb3 Be7 8. Be3 Be6 9. Nd5 Bxd5 10. exd5 0-0 11. Qd3 Nfd7 12. 0-0 b6 13. Nd2 Nc5 14. Qa3 Nbd7 15. b4 Nb7 16. Qb3 f5 17. f4 Bf6 18. Rae1 Kh8 19. Nf3 Qc7 20. c4 a5 21. a3 axb4 22. axb4 g6 23. fxe5 Nxe5 24. Nd4 Nd8 25. Nb5 Qb8 26. Bd4 Ndf7 27. Ra1 Rxa1 28. Bxa1 Qd8 29. Nd4 Qe7 30. Ne6 Ra8 31. Bd4 Nd7 32. Qc3 Kg8 33. g4 Bxd4+ 34. Qxd4 Ng5 35. gxf5 gxf5 36. Rxf5 Nxe6 37. dxe6 Ne5 38. Bf3 Ra2 39. Bd5 Qg7+ 40. Kh1 Qh6 41. e7+ Kg7 42. Qg1+ 1-0